000 01588nam a2200277 a 4500
001 000030205
003 DO-SdBNP
005 20260325092010.0
007 ta
008 110504s2004 dr bc 000 0 spa d
040 _aDO-SdBNP
_bspa
_cBNPHU
_erda
082 4 _bR426d
_222
110 1 _aRepública Dominicana.
_bSuprema Corte de Justicia
_97906
_4autor
245 1 0 _aDirectorio judicial República Dominicana /
_cpresentación, Jorge A. Subero Isa.
264 1 _aSanto Domingo :
_bSuprema Corte de Justicia,
_c2004
300 _a137 páginas :
_bilustraciones, fotografías, mapas ;
_c21 cm.
336 _2rdaconten
_atexto
_btxt
337 _2rdamedia
_asin medición
_bn
338 _2rdacarrier
_avolumen
_bnc
505 0 _aDepartamento Judicial de Barahona.
_tDepartamento Judicial del Distrito Nacional.--
_tDepartamento Judicial de la Vega.--
_tDepartamento Judicial de Montecristi.--
_tDepartamento Judicial de San Cristóbal.--
_tDepartamento Judicial de San Francisco de Macorís.--
_tDepartamento Judicial de San Juan de la Maguana.--
_tDepartamento Judicial de San Pedro de Macorís.--
_tDepartamento Judicial de Santiago.--
_tDepartamento Judicial de la Provincia de Santo Domingo.--
_tDirectorio de Registradores de Títulos.--.--
_tDirectorio de los encargados Administrativos a nivel nacional.--
_tGlosario.
590 _aInventariado 2023 / MF
650 0 _aPoder judicial
_xDirectorio
_yRepública Dominicana
_9556
650 4 _aRepública Dominicana
_xDirectorio Judicial
_976887
710 1 _aCentro de Documentación e Información Judicial Dominicano
_955480
942 _2ddc
_cLBS1
999 _c29697
_d29697